| 000 | 00594nam a22002177a 4500 | ||
|---|---|---|---|
| 999 |
_c644 _d644 |
||
| 005 | 20190910120836.0 | ||
| 008 | 190910b ||||| |||| 00| 0 eng d | ||
| 020 | _a9780007488841 | ||
| 040 | _cKH8 | ||
| 082 | _a523.2 COH | ||
| 100 | _aCohen, Andrew | ||
| 245 |
_aThe planets / _cAndrew Cohen. |
||
| 260 |
_aLondon : _bWilliam Collins, _c2019. |
||
| 300 |
_a280 p. ; _bill. : _c29 cm. |
||
| 500 | _aInclude index | ||
| 500 | _aBased on a BBC Programme | ||
| 650 |
_a Solar system _vPopular works |
||
| 650 |
_aPlanets _vPopular works |
||
| 700 |
_aCox, Brian _eAuthor |
||
| 942 |
_2ddc _cNFIC |
||